=LDR 00000nam 2200000 4500 =001 INLIS000000000026368 =005 20130612124820 =008 ***********************************Ind** =035 ##$$0010-061300000026368 =041 ##$$a Ind =082 ##$$a 340.570 959 171 =090 ##$$a 340.570 959 171, Sid h =100 ##$$a Siddik, Abdullah =245 ##$$a Hukum adat rejang, Prof. Dr. Haji Abdullah Siddik =260 ##$$a 1980 $b Jakarta =300 ##$$a 392 hlm, 21 cm =650 ##$$a Hukum adat =850 ##$$a NBPNMAT